[Event "BAGDAD III"]
[Site "SchemingMind.com"]
[Date "2023.09.09"]
[Round "-"]
[White "The Stonewall"]
[Black "Phillip Beckett"]
[Result "1-0"]
[WhiteCountry "ENG"]
[BlackCountry "ENG"]
[WhiteElo "2313"]
[WhiteRD "78"]
[BlackElo "1499"]
[BlackRD "51"]
[GameID "737078"]

1. d4 d5 2. Nc3 Nf6 3. Bf4 e6 4. e3 c5 5. Nb5 Na6 6. c3 Bd7 7. a4 Be7 8. Nf3 Bxb5 9. Bxb5+ Nd7 10. Ne5 Nb8
11. dxc5 Bxc5 12. Qg4 Bf8 13. e4 a6 14. exd5 axb5 15. Nxf7 Kxf7 16. Qxe6#
1-0

[Event "BAGDAD III"]
[Site "SchemingMind.com"]
[Date "2023.09.07"]
[Round "-"]
[White "Phillip Beckett"]
[Black "The Stonewall"]
[Result "0-1"]
[WhiteCountry "ENG"]
[BlackCountry "ENG"]
[WhiteElo "1575"]
[WhiteRD "52"]
[BlackElo "2311"]
[BlackRD "76"]
[GameID "737079"]

1. e4 c5 2. Nf3 Nc6 3. d4 cxd4 4. Nxd4 Qb6 5. Nxc6 bxc6 6. Nc3 e5 7. Be2 Nf6 8. O-O Be7 9. Na4 Qb4 10. Nc3 Nxe4
11. Nxe4 Qxe4 12. Bd3 Qh4 13. g3 Qf6 14. f4 O-O 15. fxe5 Qxe5 16. Re1 Bc5+ 17. Kg2 Qd5+ 18. Be4 Qxd1 19. Rxd1 d5 20. Bf3 Rb8
21. b3 Rb7 22. Bf4 f6 23. h3 Re7 24. c4 dxc4 25. bxc4 Re6 26. Bg4 f5 27. Bf3 Ba6 28. Rac1 Rfe8 29. Rd7 R8e7 30. Rxe7 Rxe7
31. Bxc6 Re2+ 32. Kf3 Rf2#
0-1

[Event "BAGDAD III"]
[Site "SchemingMind.com"]
[Date "2023.09.07"]
[Round "-"]
[White "The Stonewall"]
[Black "ray winteringham"]
[Result "1-0"]
[WhiteCountry "ENG"]
[BlackCountry "ENG"]
[WhiteElo "2313"]
[WhiteRD "78"]
[BlackElo "1333"]
[BlackRD "48"]
[GameID "737080"]

1. d4 d5 2. Nc3 h6 3. Bf4 g5 4. Bg3 f5 5. e4 Be6 6. exf5 Bxf5 7. Qh5+ Kd7 8. Nxd5 Nf6 9. Qf7 Kc8 10. Nxc7 Qxd4
11. Qb3 Ne4 12. Nf3 Qd6 13. Bxd6 Nxd6 14. Nxa8 Bg7 15. O-O-O
1-0

[Event "BAGDAD III"]
[Site "SchemingMind.com"]
[Date "2023.09.11"]
[Round "-"]
[White "The Stonewall"]
[Black "Robert Bruce"]
[Result "1/2-1/2"]
[WhiteCountry "ENG"]
[BlackCountry "SCO"]
[WhiteElo "2319"]
[WhiteRD "75"]
[BlackElo "2327"]
[BlackRD "67"]
[GameID "737082"]

1. d4 f5 2. Nc3 Nf6 3. Bg5 d5 4. e3 e6 5. Nf3 Be7 6. Bd3 O-O 7. O-O b6 8. Ne2 Nc6 9. c4 Nb4 10. Nf4 Nxd3
11. Qxd3 Bd6 12. cxd5 Bxf4 13. Bxf4 Nxd5 14. Bg5 Qe8 15. Qe2 Bb7 16. Ne5 h6 17. Bf4 g5 18. Bg3 f4 19. exf4 gxf4 20. Qg4+ Kh7
21. Bh4 Rf5 22. Rfe1 Qh5 23. f3 Rg8 24. Qxh5 Rxh5 25. Bf2 Rhg5=
1/2-1/2

[Event "BAGDAD III"]
[Site "SchemingMind.com"]
[Date "2023.09.07"]
[Round "-"]
[White "Robert Bruce"]
[Black "The Stonewall"]
[Result "1/2-1/2"]
[WhiteCountry "SCO"]
[BlackCountry "ENG"]
[WhiteElo "2327"]
[WhiteRD "67"]
[BlackElo "2319"]
[BlackRD "75"]
[GameID "737083"]

1. d4 Nf6 2. c4 e6 3. g3 d5 4. Nf3 Bb4+ 5. Bd2 a5 6. Bg2 O-O 7. Qc2 c5 8. dxc5 d4 9. Bxb4 axb4 10. O-O Nc6
11. Nbd2 e5 12. Ng5 Qe7 13. a3 bxa3 14. Rxa3 Rxa3 15. bxa3 Qxc5 16. Nde4 Nxe4 17. Qxe4 g6 18. Qh4 h5 19. Ne4 Qxc4 20. Nf6+ Kg7
21. Nxh5+ gxh5 22. Qg5+ Kh7 23. Qxh5+ Kg7 24. Qg5+ Kh7 25. Qh5+ Kg7 26. Qg5+ Kh7 27. Qh5+
1/2-1/2

[Event "BAGDAD III"]
[Site "SchemingMind.com"]
[Date "2023.09.11"]
[Round "-"]
[White "The Stonewall"]
[Black "William Lindberg"]
[Result "1/2-1/2"]
[WhiteCountry "ENG"]
[BlackCountry "USA"]
[WhiteElo "2295"]
[WhiteRD "72"]
[BlackElo "2402"]
[BlackRD "65"]
[GameID "737084"]

1. d4 d5 2. Nf3 Bf5 3. c4 e6 4. cxd5 exd5 5. Qb3 Nc6 6. Bd2 Nf6 7. Qxb7 Nb4 8. Bxb4 Rb8 9. Qc6+ Bd7 10. Qc2 Bxb4+
11. Nbd2 c5 12. dxc5 O-O 13. a3 Qa5 14. Rc1 Bxd2+ 15. Qxd2 Qxd2+ 16. Nxd2 Rxb2 17. e3 Rc8 18. h3 Bf5 19. Be2 Bc2 20. O-O Rxc5
21. Rfe1 g5 22. Nf3 Ra5 23. Nd4 Bg6 24. Ra1 Rc5 25. a4 h5 26. Rec1 Rxc1+ 27. Rxc1 Ra2 28. Bd1 Kg7 29. Bb3 Rb2 30. Rc5 Ne4
31. Rc2 Rb1+ 32. Kh2 Rd1 33. Rb2 Ra1 34. Nb5 a6 35. Nc7 a5 36. Nxd5 Nc5 37. f3 Nxa4 38. Bxa4 Rxa4 39. Rb5 Ra3 40. Kg3 a4
41. h4 f6 42. Rb7+ Bf7 43. e4 Rd3 44. Ra7 a3 45. Nb4 Rc3 46. Nd5 Rb3 47. Ne7 gxh4+ 48. Kxh4 Rd3 49. Nd5 Rd2 50. Rxa3 Bxd5
51. exd5 Rxd5 52. g3 Kg6 53. Rb3 Rd1 54. Kh3 Ra1 55. Rd3 Ra2 56. Rb3 Ra5 57. Rd3 Ra2 58. Rb3 Ra5=
1/2-1/2

[Event "BAGDAD III"]
[Site "SchemingMind.com"]
[Date "2023.09.11"]
[Round "-"]
[White "William Lindberg"]
[Black "The Stonewall"]
[Result "1-0"]
[WhiteCountry "USA"]
[BlackCountry "ENG"]
[WhiteElo "2375"]
[WhiteRD "65"]
[BlackElo "2289"]
[BlackRD "74"]
[GameID "737085"]

1. e4 e6 2. d4 d5 3. e5 c5 4. c3 Nc6 5. Nf3 Bd7 6. Be2 Nge7 7. O-O cxd4 8. cxd4 Nf5 9. Nc3 Rc8 10. Bg5 Qb6
11. Na4 Qa5 12. Rc1 h6 13. Bd2 Qd8 14. Bc3 b6 15. Ba6 Rc7 16. h3 Be7 17. g4 Nh4 18. Nxh4 Bxh4 19. Bd2 Be7 20. Nc3 Nb4
21. Be2 O-O 22. Be3 Nc6 23. Bd3 f6 24. Bb1 fxe5 25. dxe5 Bc5 26. Bxc5 bxc5 27. Qd3 Ne7 28. Qh7+ Kf7 29. g5 Rg8 30. f4 Kf8
31. f5 exf5 32. Nb5 Rc6 33. Nd6 Be6 34. Nxf5 Bxf5 35. Bxf5 Ke8 36. Bg4 Qb6 37. Rcd1 c4+ 38. Kh1 Qc5 39. e6 Kd8 40. Rf5 Kc7
41. Rdxd5 Qb4 42. Rd7+
1-0

[Event "BAGDAD III"]
[Site "SchemingMind.com"]
[Date "2023.09.11"]
[Round "-"]
[White "The Stonewall"]
[Black "JAHI"]
[Result "*"]
[WhiteCountry "ENG"]
[BlackCountry "INT"]
[WhiteElo "2282"]
[WhiteRD "74"]
[BlackElo "2204"]
[BlackRD "80"]
[GameID "737086"]

1. Nf3 d6 2. d4 d5 3. Bf4 c6 4. Nc3 Nf6 5. e3 Bg4 6. Be2 Bxf3 7. Bxf3 e6 8. Qd3 Bd6 9. Bg3 Bxg3 10. hxg3 Kf8
11. O-O-O h6 12. e4 dxe4 13. Nxe4 Nxe4 14. Bxe4 Nd7 15. f4 Qc7 16. c4 h5 17. Kb1 Nf6 18. Bf3 g6 19. Qe2 Kg7 20. Rc1 Qd6
21. Rhd1 Rad8 22. Qc2 Rd7 23. Qc3 Qc7 24. Qa3 h4 25. d5 exd5 26. cxd5 hxg3 27. Qxa7 Qxf4 28. dxc6 Qf5+ 29. Ka1 bxc6 30. Rxd7 Nxd7
31. Bxc6 Rc8 32. Qe3 Ne5 33. Bb7 Rxc1+ 34. Qxc1 f6 35. a3 Qd7 36. Be4 f5 37. Qc5 Kf6 38. Qb6+ Qe6 39. Qd8+ Kg7 40. Bd5 Nf7
41. Qa5 Qe5 42. a4 Nd6 43. Ka2 f4 44. Qa8 Nf5 45. a5 Ne3 46. Be4 Nc4 47. Qb7+ Kh6
*

[Event "BAGDAD III"]
[Site "SchemingMind.com"]
[Date "2023.09.11"]
[Round "-"]
[White "JAHI"]
[Black "The Stonewall"]
[Result "*"]
[WhiteCountry "INT"]
[BlackCountry "ENG"]
[WhiteElo "2204"]
[WhiteRD "80"]
[BlackElo "2282"]
[BlackRD "74"]
[GameID "737087"]

1. c3 Nf6 2. c4 g6 3. h3 Bg7 4. h4 d5 5. d3 dxc4 6. Qa4+ Nc6 7. Qxc4 Be6 8. Qa4 Nd5 9. g3 Qd6 10. Bg2 O-O-O
11. Kf1 Kb8 12. Nc3 Nxc3 13. bxc3 Bxc3 14. Rb1 Bd5 15. h5 Nd4 16. h6 f5 17. e3 Ne6 18. Ba3 c5 19. Ne2 Bf6 20. d4 Bxg2+
21. Kxg2 Qd5+ 22. f3 cxd4 23. Rb5 Qd7 24. Rhb1 Ka8 25. Qa5 Qc7 26. Qxc7 Nxc7 27. Rxb7 Rb8 28. Rxb8+ Rxb8 29. Rxb8+ Kxb8 30. Nxd4 Kb7
31. Kf2 Kb6 32. Ke2 a6 33. Kd3 Nb5 34. Nxb5 Kxb5 35. e4 e6 36. Bc1 Kb4 37. Bd2+ Kc5 38. Bc1 Kb4 39. exf5 exf5 40. g4 Kc5
41. g5 Be5 42. Bd2 Kd5 43. f4 Bd4 44. Ba5 Bc5 45. Bc3 Bd6 46. Bd2
*

[Event "BAGDAD III"]
[Site "SchemingMind.com"]
[Date "2023.09.11"]
[Round "-"]
[White "The Stonewall"]
[Black "eliecercruzr"]
[Result "1-0"]
[WhiteCountry "ENG"]
[BlackCountry "CUB"]
[WhiteElo "2282"]
[WhiteRD "74"]
[BlackElo "2313"]
[BlackRD "60"]
[GameID "737088"]

1. d4 Nf6 2. Nf3 e6 3. g3 c5 4. Bg2 cxd4 5. O-O d5 6. Nxd4 e5 7. Nb3 Be7 8. c4 d4 9. e3 d3 10. Nc3 Bg4
11. Bf3 h5 12. e4 Nc6 13. Nd5 Nb4 14. Nxf6+ Bxf6 15. Bxg4 hxg4 16. Qxg4 Qc7 17. Bg5 Bxg5 18. Qxg5 Kf8 19. Qd2 Qxc4 20. Rac1 Qb5
21. Rc5 Qb6 22. a3 Nc6 23. Qxd3 Rd8 24. Qb5 Qxb5 25. Rxb5 b6 26. Rc1 Rh6 27. Rd5 Rxd5 28. exd5 Ne7 29. Re1 Nxd5 30. Rxe5 Nc7
31. Kg2 Rd6 32. Re2 Rd3 33. Nd2 Ne6 34. Nc4 Rd4 35. Ne5 g5 36. Nf3 Rd3 37. Re3 Rd7 38. Ne5 Rd5 39. Nc6 Rd2 40. b4 a6
41. Ne5 Rd5 42. Nc4 b5 43. Ne5 Kg7 44. Nc6 Rd6 45. Rc3 Kg6 46. h3 f6 47. Nb8 Kf5 48. Rc6 Rxc6 49. Nxc6 Ke4 50. f3+ Ke3
51. Ne7 Kd4 52. h4 gxh4 53. gxh4 Ke5 54. Kg3 f5 55. h5 Kf6 56. h6 Ng5 57. Nd5+ Kg6 58. Kf4 Kxh6 59. Ne7 Kh5 60. Nxf5 Nf7
61. Ng3+ Kh6 62. Kf5 Nd6+ 63. Ke6 Nc4 64. f4 Nxa3 65. f5 Nc2 66. f6 Nd4+ 67. Ke7 Nc6+ 68. Ke8 Ne5 69. f7 Nxf7 70. Kxf7 Kg5
71. Ke6 Kf4 72. Kd5
1-0

[Event "BAGDAD III"]
[Site "SchemingMind.com"]
[Date "2023.09.09"]
[Round "-"]
[White "eliecercruzr"]
[Black "The Stonewall"]
[Result "1-0"]
[WhiteCountry "CUB"]
[BlackCountry "ENG"]
[WhiteElo "2300"]
[WhiteRD "62"]
[BlackElo "2289"]
[BlackRD "74"]
[GameID "737089"]

1. e4 e6 2. d4 d5 3. Nc3 Bb4 4. e5 c5 5. a3 Bxc3+ 6. bxc3 Ne7 7. Qg4 Qc7 8. Qxg7 Rg8 9. Qxh7 cxd4 10. Ne2 Nbc6
11. f4 dxc3 12. h4 Bd7 13. h5 O-O-O 14. Qd3 d4 15. h6 Kb8 16. h7 Rh8 17. Rb1 Bc8 18. g4 b6 19. Kf2 Bb7 20. Bg2 Nd5
21. Rh6 Qc8 22. Rh3 Ba6 23. Qe4 Bb7 24. Qd3 Ba6 25. Qe4 Bb7 26. f5 Rd7 27. Nxd4 Nde7 28. Nxc6+ Bxc6 29. Qc4 Rc7 30. Bxc6 Rxc6
31. Qd3 exf5 32. gxf5 Nxf5 33. e6 Qxe6 34. Bf4+ Kb7 35. Re1 Qc8 36. Qd5
1-0

[Event "BAGDAD III"]
[Site "SchemingMind.com"]
[Date "2023.09.07"]
[Round "-"]
[White "lontjr"]
[Black "Phillip Beckett"]
[Result "0-1"]
[WhiteCountry "USA"]
[BlackCountry "ENG"]
[WhiteElo "1270"]
[WhiteRD "85"]
[BlackElo "1575"]
[BlackRD "52"]
[GameID "737090"]

1. f4 e5 2. fxe5 d6 3. exd6 Bxd6 4. Nf3 g5 5. g3 g4 6. Nh4 Ne7 7. d4 Ng6 8. Nxg6 hxg6 9. Qd3 Nc6 10. c3 Bf5
11. e4 Qe7 12. Nd2 O-O-O 13. Kd1 Bxg3 14. Qxg3 Bd7 15. e5 Bf5 16. Bc4 Qg5 17. Ne4 Qh5 18. Nf6 Qh3 19. Qf4 Qg2 20. Rf1 g3
0-1

[Event "BAGDAD III"]
[Site "SchemingMind.com"]
[Date "2023.09.07"]
[Round "-"]
[White "Phillip Beckett"]
[Black "lontjr"]
[Result "1-0"]
[WhiteCountry "ENG"]
[BlackCountry "USA"]
[WhiteElo "1575"]
[WhiteRD "52"]
[BlackElo "1270"]
[BlackRD "85"]
[GameID "737091"]

1. e4 c5 2. Nf3 g6 3. d4 cxd4 4. Nxd4 Nc6 5. Nc3 Bg7 6. Be2 Nf6 7. Be3 d5 8. Nxc6 bxc6 9. exd5 cxd5 10. Bb5+ Bd7
11. Qe2 Rb8 12. Bxd7+ Nxd7 13. O-O-O Bxc3 14. bxc3 Qa5 15. Bg5 O-O 16. Kd2 e6 17. Bh6 Rfc8 18. Qd3 Ne5 19. Qd4 f6 20. f4 Ng4
21. h3
1-0

[Event "BAGDAD III"]
[Site "SchemingMind.com"]
[Date "2023.09.06"]
[Round "-"]
[White "lontjr"]
[Black "Robert Bruce"]
[Result "0-1"]
[WhiteCountry "USA"]
[BlackCountry "SCO"]
[WhiteElo "1270"]
[WhiteRD "85"]
[BlackElo "2359"]
[BlackRD "68"]
[GameID "737094"]

1. e4 e5 2. Nf3 d5 3. d4 dxe4 4. Nxe5 Bd6 5. Bc4 Bxe5 6. Qh5 Qe7 7. Qxe5 Qxe5 8. dxe5 Nc6 9. Nc3 Nxe5 10. Bb3 Bd7
11. Nxe4 Bc6 12. Bf4 Ng6 13. Bxc7 Bxe4
0-1

[Event "BAGDAD III"]
[Site "SchemingMind.com"]
[Date "2023.09.06"]
[Round "-"]
[White "Robert Bruce"]
[Black "lontjr"]
[Result "1-0"]
[WhiteCountry "SCO"]
[BlackCountry "USA"]
[WhiteElo "2359"]
[WhiteRD "68"]
[BlackElo "1270"]
[BlackRD "85"]
[GameID "737095"]

1. f4 g6 2. d3 d5 3. e3 Bg7 4. Be2 Nd7 5. Nc3 Bxc3+ 6. bxc3 Ngf6 7. Nf3 Nc5 8. a4 a5 9. O-O O-O 10. Qe1 Bf5
11. Ng5 h6 12. Nf3 Kh7 13. Qh4 Nh5 14. g4
1-0

[Event "BAGDAD III"]
[Site "SchemingMind.com"]
[Date "2023.09.07"]
[Round "-"]
[White "lontjr"]
[Black "William Lindberg"]
[Result "0-1"]
[WhiteCountry "USA"]
[BlackCountry "USA"]
[WhiteElo "1270"]
[WhiteRD "85"]
[BlackElo "2336"]
[BlackRD "68"]
[GameID "737096"]

1. e4 c5 2. Nc3 Nc6 3. f4 g6 4. Nf3 Bg7 5. Bb5 Nd4 6. O-O a6 7. Bc4 b5 8. Bd5 Rb8 9. d3 e6 10. Bb3 Bb7
11. Nxd4 Bxd4+ 12. Kh1 Ne7 13. Qf3 d5 14. f5 dxe4 15. dxe4 gxf5 16. Bg5 Rg8 17. Bxe7 Qxe7 18. Qf4 Rd8 19. e5 Bxg2#
0-1

[Event "BAGDAD III"]
[Site "SchemingMind.com"]
[Date "2023.09.07"]
[Round "-"]
[White "William Lindberg"]
[Black "lontjr"]
[Result "1-0"]
[WhiteCountry "USA"]
[BlackCountry "USA"]
[WhiteElo "2336"]
[WhiteRD "68"]
[BlackElo "1270"]
[BlackRD "85"]
[GameID "737097"]

1. c4 c5 2. e3 Nf6 3. Nf3 e6 4. a3 Be7 5. d4 O-O 6. d5 d6 7. Nc3 e5 8. Qc2 Nbd7 9. Bd3 b6 10. h3 Bb7
11. b3 e4 12. Bxe4 Nxe4 13. Nxe4 f5 14. Ng3 Bf6 15. Ra2 Ne5 16. Nxe5 dxe5 17. Nxf5 Qd7 18. e4 Rae8 19. O-O Qf7 20. Nd6
1-0

[Event "BAGDAD III"]
[Site "SchemingMind.com"]
[Date "2023.09.06"]
[Round "-"]
[White "lontjr"]
[Black "JAHI"]
[Result "0-1"]
[WhiteCountry "USA"]
[BlackCountry "INT"]
[WhiteElo "1270"]
[WhiteRD "85"]
[BlackElo "2196"]
[BlackRD "81"]
[GameID "737098"]

1. e4 d6 2. d4 d5 3. e5 g6 4. Nf3 Bg4 5. Nc3 Bg7 6. Bd2 e6 7. Qe2 Nd7 8. h3 Bxf3 9. Qxf3 Kf8 10. O-O-O h6
11. Bd3 Ne7 12. Kb1 c6 13. Na4 c5
0-1

[Event "BAGDAD III"]
[Site "SchemingMind.com"]
[Date "2023.09.07"]
[Round "-"]
[White "JAHI"]
[Black "lontjr"]
[Result "1-0"]
[WhiteCountry "INT"]
[BlackCountry "USA"]
[WhiteElo "2196"]
[WhiteRD "81"]
[BlackElo "1270"]
[BlackRD "85"]
[GameID "737099"]

1. c3 Nf6 2. c4 g6 3. h3 c5 4. h4 Bg7 5. Nc3 O-O 6. h5 Nxh5 7. Rxh5 gxh5 8. d3 Bxc3+ 9. bxc3 d5 10. Bh6 Re8
11. Qc1 Nc6 12. Qg5+
1-0

[Event "BAGDAD III"]
[Site "SchemingMind.com"]
[Date "2023.09.07"]
[Round "-"]
[White "lontjr"]
[Black "eliecercruzr"]
[Result "0-1"]
[WhiteCountry "USA"]
[BlackCountry "CUB"]
[WhiteElo "1270"]
[WhiteRD "85"]
[BlackElo "2309"]
[BlackRD "61"]
[GameID "737100"]

1. f4 d5 2. Nf3 Nf6 3. g3 c5 4. Bg2 Nc6 5. d3 g6 6. O-O Bg7 7. c3 O-O 8. Na3 a6 9. Qe1 d4 10. Bd2 Be6
11. c4 Rb8 12. e4 dxe3 13. Qxe3 Ng4 14. Qxc5 Rc8
0-1

[Event "BAGDAD III"]
[Site "SchemingMind.com"]
[Date "2023.09.07"]
[Round "-"]
[White "eliecercruzr"]
[Black "lontjr"]
[Result "1-0"]
[WhiteCountry "CUB"]
[BlackCountry "USA"]
[WhiteElo "2309"]
[WhiteRD "61"]
[BlackElo "1270"]
[BlackRD "85"]
[GameID "737101"]

1. e4 c5 2. d4 cxd4 3. Nf3 d6 4. Nxd4 Nf6 5. Nc3 a6 6. Be3 e5 7. Nb3 Be6 8. f3 Be7 9. Qd2 O-O 10. O-O-O Nbd7
11. g4 b5 12. a3 b4 13. axb4 Bxb3 14. cxb3 d5 15. Nxd5 Qc8+ 16. Kb1
1-0

[Event "BAGDAD III"]
[Site "SchemingMind.com"]
[Date "2023.09.07"]
[Round "-"]
[White "Phillip Beckett"]
[Black "ray winteringham"]
[Result "1-0"]
[WhiteCountry "ENG"]
[BlackCountry "ENG"]
[WhiteElo "1499"]
[WhiteRD "51"]
[BlackElo "1333"]
[BlackRD "48"]
[GameID "737102"]

1. e4 c5 2. Nf3 Nc6 3. d4 cxd4 4. Nxd4 Nf6 5. Nc3 e5 6. Ndb5 a6 7. Nd6+ Bxd6 8. Qxd6 Qe7 9. Qxe7+ Nxe7 10. Bd3 h6
11. Bd2 d6 12. O-O Bd7 13. f4 O-O 14. fxe5
1-0

[Event "BAGDAD III"]
[Site "SchemingMind.com"]
[Date "2023.09.07"]
[Round "-"]
[White "ray winteringham"]
[Black "Phillip Beckett"]
[Result "0-1"]
[WhiteCountry "ENG"]
[BlackCountry "ENG"]
[WhiteElo "1333"]
[WhiteRD "48"]
[BlackElo "1499"]
[BlackRD "51"]
[GameID "737103"]

1. g3 g6 2. e4 Bg7 3. Bg2 d6 4. Ne2 Nf6 5. d4 O-O 6. Be3 Nbd7 7. O-O c6 8. c4 e5 9. d5 c5 10. Nbc3 a6
11. a4 Rb8 12. f4 exf4 13. Bxf4 Nh5 14. b3 Nxf4
0-1

[Event "BAGDAD III"]
[Site "SchemingMind.com"]
[Date "2023.09.07"]
[Round "-"]
[White "Phillip Beckett"]
[Black "Robert Bruce"]
[Result "0-1"]
[WhiteCountry "ENG"]
[BlackCountry "SCO"]
[WhiteElo "1575"]
[WhiteRD "52"]
[BlackElo "2359"]
[BlackRD "68"]
[GameID "737104"]

1. e4 e5 2. Nf3 d5 3. exd5 Bd6 4. d4 e4 5. Ne5 Nf6 6. Bb5+ c6 7. dxc6 bxc6 8. Nxc6 Qb6 9. Nxa7+ Bd7 10. Bxd7+ Nbxd7
11. Nd2 Qxa7 12. c3 Qc7 13. g3 Qc6 14. O-O O-O 15. f4 Nb6 16. Qe2 Rfe8 17. Nb3 h5 18. Be3 Nc4 19. Rfb1 Nd5 20. Bf2 e3
21. Be1 Bxf4 22. gxf4 Nxf4 23. Qf1 g5 24. Bg3 e2 25. Qe1 Nh3#
0-1

[Event "BAGDAD III"]
[Site "SchemingMind.com"]
[Date "2023.09.07"]
[Round "-"]
[White "Robert Bruce"]
[Black "Phillip Beckett"]
[Result "1-0"]
[WhiteCountry "SCO"]
[BlackCountry "ENG"]
[WhiteElo "2329"]
[WhiteRD "68"]
[BlackElo "1499"]
[BlackRD "51"]
[GameID "737105"]

1. e4 e5 2. f4 Qh4+ 3. g3 Qe7 4. d3 exf4 5. Bxf4 d5 6. Nc3 dxe4 7. dxe4 c6 8. Qe2 Nf6 9. Bg2 Bg4 10. Bf3 Bxf3
11. Nxf3 Nbd7 12. e5 Nd5 13. Nxd5 cxd5 14. O-O-O O-O-O 15. Rxd5 Nb6 16. Rxd8+ Qxd8 17. Rd1 Qe7 18. Ng5 h6 19. Qg4+ Kb8 20. Nxf7 g5
21. Nxh8 gxf4 22. Qxf4 Kc8 23. Ng6 Qg7 24. Qxf8+
1-0

[Event "BAGDAD III"]
[Site "SchemingMind.com"]
[Date "2023.09.07"]
[Round "-"]
[White "Phillip Beckett"]
[Black "William Lindberg"]
[Result "0-1"]
[WhiteCountry "ENG"]
[BlackCountry "USA"]
[WhiteElo "1499"]
[WhiteRD "51"]
[BlackElo "2341"]
[BlackRD "69"]
[GameID "737106"]

1. e4 c5 2. Nf3 d6 3. d4 cxd4 4. Nxd4 Nf6 5. Nc3 a6 6. Bg5 e6 7. f4 Qb6 8. Nb3 Be7 9. Qf3 Qc7 10. O-O-O Nbd7
11. Bd3 h6 12. Bh4 Nxe4 13. Bxe7 Nxc3 14. bxc3 Kxe7 15. f5 Ne5 16. Qe2 exf5 17. Rhe1 Re8 18. Qf2 Qxc3 19. Kb1 Be6 20. Bxf5 Bxf5
21. Qd2 Qxd2 22. Rxd2 Kd7 23. Nd4 Bg6 24. Nf3 Nxf3 25. Rxe8 Nxd2+ 26. Kc1 Rxe8
0-1

[Event "BAGDAD III"]
[Site "SchemingMind.com"]
[Date "2023.09.07"]
[Round "-"]
[White "William Lindberg"]
[Black "Phillip Beckett"]
[Result "1-0"]
[WhiteCountry "USA"]
[BlackCountry "ENG"]
[WhiteElo "2341"]
[WhiteRD "69"]
[BlackElo "1499"]
[BlackRD "51"]
[GameID "737107"]

1. e4 e5 2. Nf3 Nc6 3. Bb5 a6 4. Ba4 Nf6 5. O-O Be7 6. Re1 b5 7. Bb3 O-O 8. c3 d5 9. exd5 Nxd5 10. d3 Nf6
11. a4 b4 12. a5 bxc3 13. bxc3 Bd6 14. Bg5 h6 15. Bxf6 Qxf6 16. Bd5 Bb7 17. Nbd2 Nd8 18. Ne4 Qe7 19. Bxb7 Nxb7 20. Qb3 Rab8
21. Qc4 Rfd8 22. Qxa6 Nc5 23. Nxc5 Bxc5 24. Rxe5 Qf8 25. Qc4 Bd6 26. Rb5 Rxb5 27. Qxb5 Rb8 28. Qc4 Qc8 29. a6 Ra8 30. Nd4 c5
31. a7 Qc7 32. Nb5 Bxh2+ 33. Kh1 Qe5 34. g3 Bxg3 35. fxg3 Qxg3 36. Qe4 Qh3+ 37. Kg1 Qg3+ 38. Kf1 Qh3+ 39. Kf2 Qh2+ 40. Ke1 Qg1+
41. Kd2 Qf2+ 42. Kc1 Qf1+ 43. Kc2 Qf2+ 44. Kb3 c4+ 45. dxc4
1-0

[Event "BAGDAD III"]
[Site "SchemingMind.com"]
[Date "2023.09.07"]
[Round "-"]
[White "Phillip Beckett"]
[Black "JAHI"]
[Result "0-1"]
[WhiteCountry "ENG"]
[BlackCountry "INT"]
[WhiteElo "1575"]
[WhiteRD "52"]
[BlackElo "2196"]
[BlackRD "81"]
[GameID "737108"]

1. e4 d6 2. d4 d5 3. e5 g6 4. f4 Bg7 5. Nf3 Bg4 6. h3 Bxf3 7. Qxf3 e6 8. Bd3 Kf8 9. O-O Ne7 10. c3 h6
11. Nd2 h5 12. Nb3 Nd7 13. Be3 Kg8 14. Kf2 a6 15. Rh1 h4 16. a4 Nf5 17. Bd2 c6 18. Bxf5 gxf5 19. Nc5 Nxc5 20. dxc5 f6
21. exf6 Qxf6 22. Be3 Qg6 23. g4 hxg3+ 24. Qxg3 Qxg3+ 25. Kxg3 e5 26. fxe5 Bxe5+ 27. Kf3 Rh4 28. Rag1+ Kf7 29. Rg2 Rah8 30. Rhg1 Rxh3+
31. Ke2 f4 32. Bxf4 Bxf4 33. Rg7+ Kf6 34. Rxb7 Rh2+ 35. Kf3 Be5 36. Rf1 R8h3+ 37. Kg4+ Ke6 38. Re1 Rg3#
0-1

[Event "BAGDAD III"]
[Site "SchemingMind.com"]
[Date "2023.09.07"]
[Round "-"]
[White "JAHI"]
[Black "Phillip Beckett"]
[Result "1-0"]
[WhiteCountry "INT"]
[BlackCountry "ENG"]
[WhiteElo "2196"]
[WhiteRD "81"]
[BlackElo "1575"]
[BlackRD "52"]
[GameID "737109"]

1. c3 d5 2. c4 dxc4 3. Qa4+ Nc6 4. Nf3 Nf6 5. Nc3 Bd7 6. Qxc4 e6 7. a3 Be7 8. d3 O-O 9. Bg5 Na5 10. Qa2 b6
11. e3 h6 12. Bxf6 Bxf6 13. Be2 c5 14. Kf1 Bc6 15. Rd1 Nb7 16. a4 Nd6 17. a5 Nb5 18. Ne4 Bd5 19. Nxf6+ Qxf6 20. Qa1 Bb3
21. Rb1 Rfd8 22. Rc1 Rd7 23. axb6 Rb7 24. Rxc5 Rxb6 25. g3 Nd6 26. e4 Nb5 27. Kg2 Nd4 28. Nxd4 Qxd4 29. Rhc1 f5 30. Rc8+ Rxc8
31. Rxc8+ Kh7 32. Qxa7 fxe4 33. Rb8 Bd5 34. Qxb6 e3+ 35. Kf1 Qe5 36. Rf8 exf2 37. Qd8 Bg2+ 38. Kxg2 Qxe2 39. Rxf2
1-0

[Event "BAGDAD III"]
[Site "SchemingMind.com"]
[Date "2023.09.07"]
[Round "-"]
[White "Phillip Beckett"]
[Black "eliecercruzr"]
[Result "0-1"]
[WhiteCountry "ENG"]
[BlackCountry "CUB"]
[WhiteElo "1499"]
[WhiteRD "51"]
[BlackElo "2298"]
[BlackRD "64"]
[GameID "737110"]

1. e4 c5 2. Nf3 d6 3. d4 cxd4 4. Nxd4 Nf6 5. Nc3 a6 6. Bg5 e6 7. f4 Qb6 8. Qd2 Qxb2 9. Rb1 Qa3 10. Rb3 Qa5
11. Bd3 Nbd7 12. O-O Be7 13. Kh1 Nc5 14. Rbb1 h6 15. Bh4 Nfxe4 16. Nxe4 Qxd2 17. Nxd2 Bxh4 18. g3 Bf6 19. N4f3 Nxd3 20. cxd3 b5
21. Ne4 Be7 22. Rfc1 f5 23. Ned2 g5 24. fxg5 hxg5 25. Rc7 Bd8 26. Rc6 Bb7 27. Rxd6 Ke7 28. Rd4 g4 29. Rc1 gxf3 30. Kg1 Bb6
31. Nxf3 Bxf3
0-1

[Event "BAGDAD III"]
[Site "SchemingMind.com"]
[Date "2023.09.07"]
[Round "-"]
[White "eliecercruzr"]
[Black "Phillip Beckett"]
[Result "1-0"]
[WhiteCountry "CUB"]
[BlackCountry "ENG"]
[WhiteElo "2298"]
[WhiteRD "64"]
[BlackElo "1499"]
[BlackRD "51"]
[GameID "737111"]

1. e4 e5 2. Nf3 Nc6 3. Bc4 Nf6 4. d3 Be7 5. O-O d6 6. a4 Bd7 7. c3 O-O 8. b4 a6 9. h3 h6 10. Nbd2 Nh7
11. Re1 Ng5 12. Bb3 Nxf3+ 13. Nxf3 Kh7 14. Bc2 f5 15. exf5 Bxf5 16. d4 exd4 17. Bxf5+ Rxf5 18. cxd4 Qf8 19. Rb1 Bf6 20. b5 axb5
21. axb5 Nd8 22. Qc2 Be7 23. g4 g6 24. gxf5 gxf5 25. Qxc7 Qg7+ 26. Kh1 Bf6 27. Qxd6 Nf7 28. Qe6 Ra3 29. Qxf5+ Qg6 30. Qxg6+ Kxg6
31. Bxa3
1-0

[Event "BAGDAD III"]
[Site "SchemingMind.com"]
[Date "2023.09.06"]
[Round "-"]
[White "ray winteringham"]
[Black "Robert Bruce"]
[Result "0-1"]
[WhiteCountry "ENG"]
[BlackCountry "SCO"]
[WhiteElo "1333"]
[WhiteRD "48"]
[BlackElo "2329"]
[BlackRD "68"]
[GameID "737112"]

1. g3 e5 2. e4 Nf6 3. Bg2 Bc5 4. d3 O-O 5. Nf3 d6 6. O-O a5 7. Bd2 Re8 8. Nc3 c6 9. Ne2 h6 10. a3 a4
11. b4 axb3 12. cxb3 Rxa3 13. b4 Rxa1
0-1

[Event "BAGDAD III"]
[Site "SchemingMind.com"]
[Date "2023.09.07"]
[Round "-"]
[White "Robert Bruce"]
[Black "ray winteringham"]
[Result "1-0"]
[WhiteCountry "SCO"]
[BlackCountry "ENG"]
[WhiteElo "2329"]
[WhiteRD "68"]
[BlackElo "1333"]
[BlackRD "48"]
[GameID "737113"]

1. e4 e5 2. f4 d5 3. exd5 Bd6 4. Be2 Bf5 5. fxe5 Bxe5 6. Nf3 Bf6 7. d4 Qxd5 8. c4 Qd8 9. Nc3 Ne7 10. O-O Nbc6
11. d5 Bxc3 12. bxc3
1-0